000 00335nam a2200145Ia 4500
005 20251222152722.0
008 251222s9999||||xx |||||||||||||| ||spa||
020 _a9786124277047
082 _a813.54/D23
100 _aDane Bauer, Marion
245 0 _aUna Mamá para Owen
250 _a1ra.ed.
264 _bTitanium
942 _cLIB
999 _c29631
_d29631